Multivariate data analysis
Wedi'i Gadw mewn:
| Prif Awduron: | , , |
|---|---|
| Fformat: | Llyfr |
| Iaith: | Saesneg |
| Cyhoeddwyd: |
Upper Saddle River
Pearson Education-Prentice-Hall
2006
|
| Rhifyn: | 6a. ed |
| Pynciau: | |
| Tagiau: |
Ychwanegu Tag
Dim Tagiau, Byddwch y cyntaf i dagio'r cofnod hwn!
|
MARC
| LEADER | 00000nam a2200000 a 4500 | ||
|---|---|---|---|
| 001 | UCH3655 | ||
| 003 | CL-VaPUC | ||
| 008 | 090813e20060000us |||||||||||||||||eng|d | ||
| 020 | |a 0130329290 | ||
| 082 | 0 | 4 | |a 519.535 |b HAI |2 21 |
| 100 | |a Hair, Joseph F |e author |9 592752 | ||
| 700 | 0 | |a Black, William C |e author |9 539161 | |
| 700 | 0 | |a Babin, Barry J |e author |9 539162 | |
| 245 | 1 | 0 | |a Multivariate data analysis |
| 250 | |a 6a. ed | ||
| 300 | |a 899 p | ||
| 942 | |c BK | ||
| 945 | |d 20090813 00:00:00 |a rbrito | ||
| 260 | |a Upper Saddle River |b Pearson Education-Prentice-Hall |c 2006 | ||
| 650 | 0 | |a Análisis multivariado |9 369185 | |
| 650 | 0 | |a Estadística matemática |9 260028 | |
| 650 | 0 | |a Análisis de regresión |9 263763 | |
| 583 | |a last modification |c 20171204 01:53:01 |k Rodrigo Vera | ||
| 999 | |c 335138 |d 335136 | ||
| 952 | |0 0 |1 0 |4 0 |6 519_535000000000000_HAI_2006 |7 0 |8 A |9 424758 |a BIBGIM |b BIBGIM |d 2019-11-22 |i 4587537 |o 519.535 HAI 2006 |p 4587537 |r 2025-01-15 |w 2019-11-22 |y BK |k EST | ||